Counsel to the president : A memoir

में बचाया:
ग्रंथसूची विवरण
मुख्य लेखक: Clifford, Clark M.
स्वरूप: पुस्तक
भाषा:Undetermined
प्रकाशित: New York Random House 1991
विषय:
टैग : टैग जोड़ें
कोई टैग नहीं, इस रिकॉर्ड को टैग करने वाले पहले व्यक्ति बनें!
Thư viện lưu trữ: Trung tâm Học liệu Trường Đại học Cần Thơ
LEADER 00597nam a2200217Ia 4500
001 CTU_89712
008 210402s9999 xx 000 0 und d
082 |a 973.9092 
082 |b C636 
100 |a Clifford, Clark M. 
245 0 |a Counsel to the president : 
245 2 |b A memoir 
245 0 |c Clark Clifford, Richard Holbrooke 
260 |a New York 
260 |b Random House 
260 |c 1991 
650 |a Statesmen,Lawyers 
650 |x Biography,Biography 
650 |z United States,United States 
904 |i Bằng 
980 |a Trung tâm Học liệu Trường Đại học Cần Thơ